00756nam a2200241 a 4500001001300000003000900013005001700022008004100039020002300080082001500103100001500118245005400133260005400187300000900241500003500250505003400285650002000319700001500339902000800354942000700362952012800369999001700497nice12345678IN_TiNIC20260116013314.0050524s1994 newa grp 000 0 eng  a8174354 c30000a956.1bSIN aSinha, R K aTurkish Question Mustafa Kemal and Mahatma Gandhi aNew Delhi bAdam Publisher and Distributer c1994 a303p aincludes index and biblioraphy2 aBibliography, Glossary, Index aTurkey-Politics1 aSinha, R K bSRS cBK 001040708StackRoom-aHMIbHMId2007-05-30g300.00l1o956.1 SINp017947r2022-01-27s2022-01-17v300.00w2005-05-24yBK c10495d10495